| 000 | 00443nam a2200181Ia 4500 | ||
|---|---|---|---|
| 003 | GCL | ||
| 008 | 140319s9999 xx 000 0 eng d | ||
| 040 |
_aGCL / _cGCL |
||
| 082 | 0 | 4 |
_a843 _bO L |
| 100 | 1 | _aORIEUX, JEAN | |
| 245 | 1 | 0 |
_aL'OIGLE DEFER / _cORIEUX, JEAN |
| 260 |
_a[S.N] : _bFLAMMARION ، _c1972 |
||
| 300 | _a350 P | ||
| 490 |
_aCOLLECTION FOLIO _v0 |
||
| 650 | 0 | 4 | _aLITERATURE |
| 650 | 0 | 4 | _aFRENCH LITERATURE |
| 942 |
_2ddc _cBK |
||
| 999 |
_c23409 _d23409 |
||